[Event "Arco op 46th"]
[White "Felgendreher, Luke"]
[Black "Bozzao, Francesco"]
[Site "Arco"]
[Round "9"]
[Result "1/2-1/2"]
[Date "2024.10.13"]
[WhiteElo "1673"]
[BlackElo "1856"]
[PlyCount "70"]
[EventDate "2024.10.05"]
[EventType "swiss"]
[EventRounds "9"]
[EventCountry "ITA"]
[SourceTitle "CB44_2024"]
[Source "Chessbase"]
[SourceDate "2024.10.30"]
[SourceVersion "1"]
[SourceVersionDate "2024.10.30"]
[SourceQuality "1"]

1. e4 c5 2. Nf3 e6 3. d4 cxd4 4. Nxd4 Nc6 5. Nc3 Qc7 6. Be2 a6 7. Be3 b5 8. a3 Bb7 9. Qd2 Nf6 10. f3 Be7 11. 0-0 0-0 12. f4 Nxd4 13. Qxd4 Rac8 14. Bf3 Bc5 15. Qxc5 Qxc5 16. Bxc5 Rxc5 17. Rac1 d5 18. e5 Nd7 19. Rfd1 Nb6 20. Rd3 Rfc8 21. Kf1 Nc4 22. b4 R5c7 23. Nb1 Nb2 24. Rd2 Na4 25. Ke1 Rc4 26. g3 Nc3 27. Be2 Nxb1 28. Rxb1 Rxc2 29. Rxc2 Rxc2 30. Kd1 Rc8 31. Rc1 f6 32. Rxc8+ Bxc8 33. Kd2 Kf7 34. Ke3 Ke7 35. Kd4 Kd7 1/2-1/2

[Event "Arco op 46th"]
[White "Mittelbach, Eduard"]
[Black "Felgendreher, Luke"]
[Site "Arco"]
[Round "6"]
[Result "1-0"]
[Date "2024.10.10"]
[WhiteElo "1824"]
[BlackElo "1673"]
[PlyCount "97"]
[EventDate "2024.10.05"]
[EventType "swiss"]
[EventRounds "9"]
[EventCountry "ITA"]
[SourceTitle "CB44_2024"]
[Source "Chessbase"]
[SourceDate "2024.10.30"]
[SourceVersion "1"]
[SourceVersionDate "2024.10.30"]
[SourceQuality "1"]

1. e4 c5 2. Nc3 Nc6 3. Bb5 e6 4. Bxc6 bxc6 5. d3 d5 6. e5 Ne7 7. f4 Nf5 8. Nf3 Be7 9. 0-0 0-0 10. Qe1 Nd4 11. Qf2 Qb6 12. Na4 Qb4 13. b3 f6 14. c3 Nxf3+ 15. Qxf3 Qa5 16. Qd1 Qc7 17. d4 Ba6 18. Re1 cxd4 19. cxd4 c5 20. Be3 cxd4 21. Bxd4 Bb4 22. Re3 fxe5 23. Bxe5 Qe7 24. Rg3 Rf7 25. Rc1 Rc8 26. Rxc8+ Bxc8 27. Qc1 Bd7 28. Nc3 Qc5+ 29. Kh1 Bb5 30. Qd1 Rd7 31. Qg4 Qc6 32. Bxg7 Kf7 33. Be5 Ke8 34. Qg8+ Bf8 35. Re3 d4 36. Bxd4 Ke7 37. Qxh7+ Kd8 38. Bf6+ Kc8 39. Qb1 Bg7 40. Be5 Bxe5 41. fxe5 Rd2 42. Rg3 Bd3 43. Rg8+ Kb7 44. Rg7+ Ka6 45. Qg1 Qxc3 46. Qxa7+ Kb5 47. Rb7+ Kc6 48. Rc7+ Kd5 49. Rxc3 1-0